Statistics for Guess the BTS song by Clues

Click here to take the quiz!

General Stats

  • This quiz has been taken 1,055 times
  • The average score is 14 of 15

Answer Stats

QuestionAnswer% Correct
It`s ____ ____FAKE LOVE
98%
Burning Up(____)Fire
98%
No ___ _____Not Today
98%
My BP, Im SHOWERING, Im CryingBlood Sweat and Tears
95%
I Luv HerBoy in Luv
95%
Im Kinda ____Dope
95%
(Easy) I ____ _I Need U
95%
la-- la la la-- la---No More Dream
95%
(Medium) March 20th or 21stSpring day
95%
We goin’ from NY to Cali London to ParisAirplane pt.2
93%
Got Me High So FastBoy with Luv
93%
Lets do it or Hit it(Its)ON
93%
Eoreundeureun naege malhaji himdeun geon jigeumppuniragoN.O
90%
(Hard) Ireumeun Jungkook, Scale-eun jeon-gukWe are Bullet Proof Pt.2
85%
Save Me butIm Fine
84%

Score Distribution

Percentile by Number Answered

Percent of People with Each Score

Your Score History

You have not taken this quiz